[Event "DVM U20 2012"]
[Site "Osnabrück GER"]
[Date "2012.12.27"]
[Round "1"]
[White "Linnemann, Niklas"]
[Black "Braun, Georg"]
[Result "1/2-1/2"]
[Termination "normal"]
[Board "1.1"]
[WhiteElo "1942"]
[BlackElo "2186"]
[WhiteTeam "TuS Coswig 1920"]
[BlackTeam "SK Bebenhausen 1992"]
[WhiteFideId "24695645"]
[BlackFideId "24629383"]
[EventCountry "GER"]
[EventRounds "7"]
[EventType "team-swiss"]
[EventDate "2012.12.26"]

1. e4 c6 2. d4 d5 3. exd5 cxd5 4. Bd3 Nc6 5. c3 Nf6 6. h3 g6 7. Nf3 Bf5 8. O-O
Bg7 9. Ne5 Bxd3 10. Qxd3 O-O 11. f4 e6 12. Nd2 Rc8 13. Ndf3 Ne4 14. Nxc6 Rxc6
15. g4 f5 16. g5 Qb6 17. Kg2 Qa6 18. Qd1 b5 19. Bd2 Rfc8 20. a3 Qa4 21. Qe2 Qb3
22. Rab1 a5 23. Rfc1 R6c7 24. h4 Bf8 25. h5 b4 26. axb4 axb4 27. Qb5 Qc4 28.
Qxc4 Rxc4 29. hxg6 hxg6 30. Be1 R4c7 31. Nd2 Nd6 32. Nb3 bxc3 33. Bxc3 Ne4 34.
Be1 Bg7 35. Rxc7 Rxc7 36. Kf3 Rb7 37. Na5 Rb5 38. Ke3 Bf8 39. b4 Bd6 40. Nc6
Kf7 41. Ra1 Rb6 42. Ra7+ Ke8 43. Ne5 Bxe5 44. dxe5 Rc6 45. b5 Rb6 46. Ra6
1/2-1/2

[Event "DVM U20 2012"]
[Site "Osnabrück GER"]
[Date "2012.12.27"]
[Round "1"]
[White "Wenninger, Philipp"]
[Black "Müller, Richard"]
[Result "1-0"]
[Termination "normal"]
[Board "1.2"]
[WhiteElo "2220"]
[BlackElo "2078"]
[WhiteTeam "SK Bebenhausen 1992"]
[BlackTeam "TuS Coswig 1920"]
[WhiteFideId "4648404"]
[BlackFideId "24647128"]
[EventCountry "GER"]
[EventRounds "7"]
[EventType "team-swiss"]
[EventDate "2012.12.26"]

1. d4 Nf6 2. c4 g6 3. Nc3 d5 4. Bf4 Bg7 5. e3 O-O 6. Nf3 c5 7. dxc5 Qa5 8. Be2
dxc4 9. Bxc4 Ne4 10. O-O Nxc3 11. bxc3 Qxc5 12. Qb3 e5 13. Bg3 Nc6 14. Rfd1 Qe7
15. Bh4 Qc7 16. Bd5 Ne7 17. c4 Nf5 18. Rac1 Nxh4 19. Nxh4 Rb8 20. c5 Bd7 21.
Nf3 Bc6 22. e4 Bf6 23. Qa3 Rfd8 24. h3 Bxd5 25. exd5 e4 26. d6 Qd7 27. Nd2 Re8
28. Re1 Qf5 29. Rc4 Bh4 30. g3 Bg5 31. Rcxe4 Rxe4 32. Nxe4 a6 33. Nxg5 Qxg5 34.
d7 Kg7 35. Re8 Rd8 36. c6 1-0

[Event "DVM U20 2012"]
[Site "Osnabrück GER"]
[Date "2012.12.27"]
[Round "1"]
[White "Kieslich, Aaron"]
[Black "Kaulich, Philipp Theodor"]
[Result "1-0"]
[Termination "normal"]
[Board "1.3"]
[WhiteElo "1995"]
[BlackElo "2044"]
[WhiteTeam "TuS Coswig 1920"]
[BlackTeam "SK Bebenhausen 1992"]
[WhiteFideId "1270391"]
[BlackFideId "4641582"]
[EventCountry "GER"]
[EventRounds "7"]
[EventType "team-swiss"]
[EventDate "2012.12.26"]

1. d4 f5 2. c4 Nf6 3. Nc3 d6 4. g3 g6 5. Bg2 Bg7 6. Nf3 e6 7. O-O O-O 8. Qc2
Nc6 9. Rd1 Qe7 10. d5 Nb4 11. Qb3 Na6 12. dxe6 Nc5 13. Qc2 Bxe6 14. Nd5 Nxd5
15. cxd5 Bd7 16. Bg5 Qf7 17. Rac1 a5 18. Be3 b6 19. Nd4 Rae8 20. Ne6 Bxe6 21.
dxe6 Qe7 22. Bd5 Rc8 23. Bxc5 bxc5 24. Qa4 Bxb2 25. Rb1 Rb8 26. Qxa5 f4 27. Qd2
Bg7 28. gxf4 Kh8 29. Qe3 Rbc8 30. Qe4 Rf5 31. Rb3 Rcf8 32. Rf3 Qh4 33. Rb1 Bf6
34. Kh1 Be7 35. e3 Rh5 36. h3 g5 37. fxg5 Qxg5 38. Bc6 d5 39. Rxf8+ Bxf8 40.
Qg2 Qf5 41. Rb8 Qf6 42. Bxd5 Rxd5 43. Qxd5 Kg7 44. Qd7+ Kh6 45. Qf7 Qxf7 46.
exf7 1-0

[Event "DVM U20 2012"]
[Site "Osnabrück GER"]
[Date "2012.12.27"]
[Round "1"]
[White "Gibicar, Danijel"]
[Black "Pönisch, Johannes"]
[Result "1-0"]
[Termination "normal"]
[Board "1.4"]
[WhiteElo "2100"]
[BlackElo "1945"]
[WhiteTeam "SK Bebenhausen 1992"]
[BlackTeam "TuS Coswig 1920"]
[WhiteFideId "24660256"]
[BlackFideId "24603201"]
[EventCountry "GER"]
[EventRounds "7"]
[EventType "team-swiss"]
[EventDate "2012.12.26"]

1. d4 d5 2. c4 dxc4 3. e3 e5 4. Bxc4 exd4 5. exd4 Bd6 6. Nf3 Nf6 7. O-O O-O 8.
h3 h6 9. Qd3 a6 10. Qg6 Kh8 11. Bxf7 Nc6 12. Bxh6 gxh6 13. Qxh6+ Nh7 14. Bg6
Qe7 15. Ng5 Bf5 16. Nxh7 Bxg6 17. Nxf8+ Bh7 18. Ng6+ 1-0

[Event "DVM U20 2012"]
[Site "Osnabrück GER"]
[Date "2012.12.27"]
[Round "1"]
[White "Merker, Konstantin"]
[Black "Lebeda, Timo"]
[Result "0-1"]
[Termination "normal"]
[Board "1.5"]
[WhiteElo "1727"]
[BlackElo "2047"]
[WhiteTeam "TuS Coswig 1920"]
[BlackTeam "SK Bebenhausen 1992"]
[WhiteFideId "12964239"]
[BlackFideId "4638565"]
[EventCountry "GER"]
[EventRounds "7"]
[EventType "team-swiss"]
[EventDate "2012.12.26"]

1. d4 d5 2. c4 c6 3. Nc3 Nf6 4. Bg5 a6 5. e3 b5 6. cxd5 cxd5 7. Bd3 e6 8. Nf3
h6 9. Bh4 Nc6 10. O-O Be7 11. Rc1 Na5 12. a3 O-O 13. e4 dxe4 14. Nxe4 Bb7 15.
Nc5 Bxf3 16. Qxf3 Qxd4 17. Bxf6 gxf6 18. Rfd1 Bxc5 19. Bh7+ Kxh7 20. Rxd4 Bxd4
21. b4 Bb2 22. Rc5 Nc4 23. g4 Rad8 24. Rh5 Rg8 25. Qb7 Rxg4+ 26. Kf1 Nd2+ 27.
Ke2 Re4+ 28. Kd1 Nc4+ 29. Kc2 Rd2+ 0-1

[Event "DVM U20 2012"]
[Site "Osnabrück GER"]
[Date "2012.12.27"]
[Round "1"]
[White "Alber, Alexander"]
[Black "von Koslowski, Utz"]
[Result "1-0"]
[Termination "normal"]
[Board "1.6"]
[WhiteElo "1928"]
[BlackElo "1691"]
[WhiteTeam "SK Bebenhausen 1992"]
[BlackTeam "TuS Coswig 1920"]
[WhiteFideId "4640039"]
[BlackFideId "12964247"]
[EventCountry "GER"]
[EventRounds "7"]
[EventType "team-swiss"]
[EventDate "2012.12.26"]

1. e4 e5 2. Nf3 Nc6 3. d4 exd4 4. Nxd4 Bc5 5. Be3 Qf6 6. c3 Nge7 7. Bc4 O-O 8.
O-O Ne5 9. Bb3 d6 10. f3 Bd7 11. Qe2 N7g6 12. g3 a6 13. Nc2 Rfe8 14. Bxc5 dxc5
15. Ne3 Rad8 16. f4 Bh3 17. fxe5 Bxf1 18. Nxf1 Nxe5 19. Nbd2 b5 20. c4 b4 21.
Rd1 Rd6 22. Kg2 Red8 23. Ne3 Nd3 24. Nd5 Qxb2 25. Qxd3 c6 26. Rb1 Qe5 27. Nf3
Qh5 28. e5 R6d7 29. Qe3 cxd5 30. cxd5 Qg6 31. Rc1 a5 32. Qxc5 Qe4 33. d6 g5 34.
Re1 Qb7 35. Qd5 1-0

[Event "DVM U20 2012"]
[Site "Osnabrück GER"]
[Date "2012.12.27"]
[Round "1"]
[White "Colpe, Malte"]
[Black "Strathoff, Jens"]
[Result "1/2-1/2"]
[Termination "normal"]
[Board "2.1"]
[WhiteElo "2348"]
[BlackElo "2112"]
[WhiteTeam "Hamburger SK von 1830"]
[BlackTeam "Schachfreunde Brackel 1930"]
[WhiteFideId "24623075"]
[BlackFideId "4699084"]
[EventCountry "GER"]
[EventRounds "7"]
[EventType "team-swiss"]
[EventDate "2012.12.26"]

1. d4 d5 2. c4 c6 3. Nf3 Nf6 4. Qc2 g6 5. Bf4 Bg7 6. e3 Bf5 7. Bd3 Bxd3 8. Qxd3
Nbd7 9. Nc3 O-O 10. O-O e6 11. h3 Re8 12. Rfd1 Qe7 13. a3 a5 14. Bh2 h6 15.
Rab1 Nh7 16. b4 axb4 17. axb4 Ng5 18. Nxg5 hxg5 19. e4 dxc4 20. Qxc4 Ra3 21.
Ne2 Nf6 22. f3 Nh5 23. Qc5 Qf6 24. Be5 Qd8 25. Bxg7 Kxg7 26. b5 Ra5 27. Qc4
cxb5 28. Rxb5 Re7 29. Rb2 Nf4 30. Nxf4 gxf4 31. Qc1 Rd7 32. Rb4 Qg5 33. Qb2 Qe7
34. Rc1 Ra2 35. Qc3 Qg5 36. Rc2 Rxc2 37. Qxc2 Qa5 38. Qa4 Qxa4 39. Rxa4 Kf6
1/2-1/2

[Event "DVM U20 2012"]
[Site "Osnabrück GER"]
[Date "2012.12.27"]
[Round "1"]
[White "Böhm, Malte"]
[Black "Meißner, Felix"]
[Result "1/2-1/2"]
[Termination "normal"]
[Board "2.2"]
[WhiteElo "2011"]
[BlackElo "2255"]
[WhiteTeam "Schachfreunde Brackel 1930"]
[BlackTeam "Hamburger SK von 1830"]
[WhiteFideId "1270629"]
[BlackFideId "24671827"]
[EventCountry "GER"]
[EventRounds "7"]
[EventType "team-swiss"]
[EventDate "2012.12.26"]

1. c4 e5 2. Nc3 Nf6 3. Nf3 Nc6 4. e3 Be7 5. Be2 O-O 6. O-O Re8 7. d3 d5 8. cxd5
Nxd5 9. a3 Be6 10. Qc2 a5 11. Ne4 a4 12. Bd2 Nb6 13. Nc5 Bc8 14. Bb4 Bf8 15. d4
Nd5 16. Nxe5 Nxe5 17. dxe5 Rxe5 18. Rfd1 Qe8 19. Nd3 Nxb4 20. axb4 Re6 21. Qxc7
Rc6 22. Qe5 Re6 23. Qd4 Rd6 24. Qe5 Re6 25. Qd4 Rd6 26. Qe5 Re6 1/2-1/2

[Event "DVM U20 2012"]
[Site "Osnabrück GER"]
[Date "2012.12.27"]
[Round "1"]
[White "Doberitz, Paul"]
[Black "Reisberg, Andre"]
[Result "1-0"]
[Termination "normal"]
[Board "2.3"]
[WhiteElo "2237"]
[BlackElo "1990"]
[WhiteTeam "Hamburger SK von 1830"]
[BlackTeam "Schachfreunde Brackel 1930"]
[WhiteFideId "24646130"]
[BlackFideId "1270630"]
[EventCountry "GER"]
[EventRounds "7"]
[EventType "team-swiss"]
[EventDate "2012.12.26"]

1. e4 e6 2. d4 d5 3. Nc3 Nf6 4. Bg5 Bb4 5. e5 h6 6. Bd2 Nfd7 7. Qg4 g6 8. Bd3
Nf8 9. O-O-O b6 10. Nge2 Ba6 11. Nb5 Bxd2+ 12. Rxd2 Bxb5 13. Bxb5+ c6 14. Bd3
Qg5 15. Qf3 Nbd7 16. Ba6 Rb8 17. h4 Qe7 18. Qc3 c5 19. Qb3 Nh7 20. f4 f5 21. c4
dxc4 22. Bxc4 cxd4 23. Nxd4 Rc8 24. Kb1 Nc5 25. Qb5+ Kf7 26. Nxe6 Nxe6 27. Rd7
1-0

[Event "DVM U20 2012"]
[Site "Osnabrück GER"]
[Date "2012.12.27"]
[Round "1"]
[White "Schwiddessen, Jan"]
[Black "Gharibyan, Harutyun"]
[Result "0-1"]
[Termination "normal"]
[Board "2.4"]
[WhiteElo "1837"]
[BlackElo "2138"]
[WhiteTeam "Schachfreunde Brackel 1930"]
[BlackTeam "Hamburger SK von 1830"]
[WhiteFideId "1270631"]
[BlackFideId "24632058"]
[EventCountry "GER"]
[EventRounds "7"]
[EventType "team-swiss"]
[EventDate "2012.12.26"]

1. e4 e5 2. Nf3 Nc6 3. Bc4 Nf6 4. Ng5 d5 5. exd5 Na5 6. Bb5+ c6 7. dxc6 bxc6 8.
Bd3 a6 9. Ne4 Nd5 10. O-O Be7 11. Re1 O-O 12. Ng3 Bd6 13. Bf5 Ne7 14. Bxc8 Rxc8
15. b4 Bxb4 16. Qg4 Bd6 17. d4 f5 18. Qh5 e4 19. Nd2 Bxg3 20. hxg3 Qxd4 21. Rb1
Nd5 22. Nb3 Nxb3 23. cxb3 Qf6 24. Qe2 Rfe8 25. Bb2 Qf7 26. Bd4 c5 27. Bb2 Nb4
28. Bc1 Nd3 29. Rf1 c4 30. bxc4 Ne5 31. Be3 Ng4 32. f3 exf3 0-1

[Event "DVM U20 2012"]
[Site "Osnabrück GER"]
[Date "2012.12.27"]
[Round "1"]
[White "Grötzbach, Julian"]
[Black "van Klev, Fabian"]
[Result "0-1"]
[Termination "normal"]
[Board "2.5"]
[WhiteElo "2006"]
[BlackElo "1788"]
[WhiteTeam "Hamburger SK von 1830"]
[BlackTeam "Schachfreunde Brackel 1930"]
[WhiteFideId "24600938"]
[BlackFideId "12964255"]
[EventCountry "GER"]
[EventRounds "7"]
[EventType "team-swiss"]
[EventDate "2012.12.26"]

1. e4 c5 2. Nf3 Nc6 3. d4 cxd4 4. Nxd4 Nf6 5. Nc3 e5 6. Ndb5 d6 7. Bg5 a6 8.
Na3 b5 9. Nd5 Be7 10. Bxf6 Bxf6 11. c4 b4 12. Nc2 a5 13. g3 Bg5 14. Bg2 O-O 15.
O-O Be6 16. Nce3 Bxe3 17. Nxe3 Nd4 18. Qd3 Qc7 19. f4 Rfc8 20. Rac1 f6 21. h4
b3 22. f5 Bf7 23. a3 Qc5 24. Rf2 Rab8 25. Rc3 a4 26. Bf1 Kh8 27. g4 Nc6 28. Qd2
Qd4 29. Rd3 Qc5 30. g5 Nd4 31. Rc3 Bh5 32. Kg2 Bf7 33. gxf6 gxf6 34. Ng4 Rg8
35. Rg3 Bxc4 36. Qh6 Bxf1+ 37. Rxf1 Qc7 38. Qxf6+ Qg7 39. Qxd6 Ne2 40. f6 Qg6
41. Qxe5 Rbe8 42. Qd5 Nxg3 43. f7 Nxf1 44. Qd4+ Qg7 45. Qxg7+ Kxg7 46. fxg8=Q+
Rxg8 47. Kxf1 h5 48. Nf2 Kf6 49. Ke2 Rc8 50. Nd3 Rc2+ 51. Ke3 Rh2 52. e5+ Kf5
53. Kd4 Rxh4+ 54. Kd5 Re4 0-1

[Event "DVM U20 2012"]
[Site "Osnabrück GER"]
[Date "2012.12.27"]
[Round "1"]
[White "Carow, Johannes"]
[Black "Tkachuk, Konstantyn"]
[Result "1/2-1/2"]
[Termination "normal"]
[Board "3.1"]
[WhiteElo "2260"]
[BlackElo "2217"]
[WhiteTeam "Sfr. Heidesheim"]
[BlackTeam "Schachgesellschaft Bochum 1931"]
[WhiteFideId "24692050"]
[BlackFideId "24647330"]
[EventCountry "GER"]
[EventRounds "7"]
[EventType "team-swiss"]
[EventDate "2012.12.26"]

1. d4 Nf6 2. c4 g6 3. Nc3 Bg7 4. e4 d6 5. f3 O-O 6. Nge2 e5 7. Be3 exd4 8. Nxd4
Nc6 9. Be2 Nxd4 10. Bxd4 Ne8 11. O-O f5 12. Bxg7 Nxg7 13. Qd5+ Kh8 14. Rad1 Qf6
15. Qd2 Be6 16. f4 Rae8 17. b3 a6 18. Bf3 Bc8 19. Rde1 fxe4 20. Bxe4 Nf5 21.
Nd5 Qg7 22. Bxf5 Bxf5 23. h3 h5 24. Kh2 c6 25. Ne3 Be4 26. Qxd6 Rd8 27. Qe5
Qxe5 28. fxe5 Rfe8 29. Nd1 Rxe5 30. Nc3 Rde8 31. Nxe4 Rxe4 32. Rxe4 Rxe4 33.
Rf7 b5 34. cxb5 axb5 35. Rf6 Kg7 36. Rxc6 Re2 37. a4 bxa4 38. bxa4 Ra2 39. Rc4
Ra3 40. Rc7+ Kf6 41. Ra7 h4 42. a5 Ra1 43. a6 Kg5 44. Ra8 Kh6 45. Rh8+ Kg5 46.
Ra8 Kf4 47. a7 Kg5 48. g4 Ra2+ 49. Kg1 Ra1+ 50. Kf2 Ra2+ 51. Kf3 1/2-1/2

[Event "DVM U20 2012"]
[Site "Osnabrück GER"]
[Date "2012.12.27"]
[Round "1"]
[White "Mazarov, Jürgen"]
[Black "Carow, Annelen"]
[Result "1-0"]
[Termination "normal"]
[Board "3.2"]
[WhiteElo "2158"]
[BlackElo "2009"]
[WhiteTeam "Schachgesellschaft Bochum 1931"]
[BlackTeam "Sfr. Heidesheim"]
[WhiteFideId "24617768"]
[BlackFideId "24692492"]
[EventCountry "GER"]
[EventRounds "7"]
[EventType "team-swiss"]
[EventDate "2012.12.26"]

1. e4 c5 2. Nf3 e6 3. d4 cxd4 4. Nxd4 a6 5. Bd3 Nf6 6. O-O Qc7 7. Qe2 d6 8. Kh1
Be7 9. f4 Nbd7 10. Nc3 O-O 11. Bd2 b5 12. Rae1 Nc5 13. Rf3 Rd8 14. Rh3 e5 15.
Nf5 b4 16. Nd5 Nxd5 17. exd5 Bf6 18. Qh5 h6 19. Nxh6+ Kf8 20. Nf5 Bxf5 21. Qxf5
Nxd3 22. Qxd3 a5 23. c3 Rab8 24. c4 Rbc8 25. b3 Qc5 26. Be3 Qc7 27. fxe5 Bxe5
28. Bd4 g6 29. Bxe5 dxe5 30. Qg3 Re8 31. Qg5 1-0

[Event "DVM U20 2012"]
[Site "Osnabrück GER"]
[Date "2012.12.27"]
[Round "1"]
[White "Perske, Thore"]
[Black "Kahleys, Kevin"]
[Result "1/2-1/2"]
[Termination "normal"]
[Board "3.3"]
[WhiteElo "2068"]
[BlackElo "2189"]
[WhiteTeam "Sfr. Heidesheim"]
[BlackTeam "Schachgesellschaft Bochum 1931"]
[WhiteFideId "12902195"]
[BlackFideId "24669601"]
[EventCountry "GER"]
[EventRounds "7"]
[EventType "team-swiss"]
[EventDate "2012.12.26"]

1. e4 e6 2. d4 d5 3. Nc3 Nf6 4. Bg5 Be7 5. e5 Nfd7 6. h4 a6 7. Qg4 Bxg5 8. hxg5
c5 9. g6 f5 10. Qf4 h6 11. O-O-O cxd4 12. Nce2 Nc6 13. Nf3 Nc5 14. Nfxd4 O-O
15. Nxc6 bxc6 16. Nd4 Qe8 17. Bd3 Bd7 18. Qg3 Nxd3+ 19. cxd3 c5 20. Ne2 d4 21.
Nf4 Ba4 22. b3 Rb8 23. Nh5 Qe7 24. Nf6+ Kh8 25. Rxh6+ gxh6 26. Rh1 Qg7 27. Qf4
Qxg6 28. Rxh6+ Kg7 29. Rxg6+ Kxg6 30. bxa4 Rh8 31. Nd7 Rh1+ 32. Kc2 Rb4 33.
Nxc5 Ra1 34. Qg3+ Kf7 35. Qg5 Rxa2+ 36. Kc1 Ra1+ 37. Kc2 Ra2+ 38. Kc1 1/2-1/2

[Event "DVM U20 2012"]
[Site "Osnabrück GER"]
[Date "2012.12.27"]
[Round "1"]
[White "Butschek, Marc"]
[Black "Faldum, Manfred"]
[Result "1-0"]
[Termination "normal"]
[Board "3.4"]
[WhiteElo "1958"]
[BlackElo "1919"]
[WhiteTeam "Schachgesellschaft Bochum 1931"]
[BlackTeam "Sfr. Heidesheim"]
[WhiteFideId "4630904"]
[BlackFideId "12921459"]
[EventCountry "GER"]
[EventRounds "7"]
[EventType "team-swiss"]
[EventDate "2012.12.26"]

1. e4 c5 2. c3 e6 3. d4 d5 4. exd5 exd5 5. Nf3 a6 6. Be3 c4 7. g3 Nc6 8. Bg2
Bd6 9. O-O Nf6 10. Re1 O-O 11. Qc2 Bg4 12. Nbd2 h6 13. Nh4 Ne7 14. h3 Be6 15.
g4 g5 16. Nhf3 Ng6 17. Bxg5 hxg5 18. Rxe6 Kg7 19. Nxg5 Bf4 20. Ndf3 Ne4 21.
Rxg6+ 1-0

[Event "DVM U20 2012"]
[Site "Osnabrück GER"]
[Date "2012.12.27"]
[Round "1"]
[White "Luzius, Jannik"]
[Black "Budszuhn, Timo"]
[Result "0-1"]
[Termination "normal"]
[Board "3.5"]
[WhiteElo "1652"]
[BlackElo "1994"]
[WhiteTeam "Sfr. Heidesheim"]
[BlackTeam "Schachgesellschaft Bochum 1931"]
[WhiteFideId "1271981"]
[BlackFideId "1270607"]
[EventCountry "GER"]
[EventRounds "7"]
[EventType "team-swiss"]
[EventDate "2012.12.26"]

1. Nf3 Nf6 2. c4 g6 3. Nc3 d5 4. cxd5 Nxd5 5. e4 Nxc3 6. dxc3 Qxd1+ 7. Kxd1 Bg7
8. h3 O-O 9. Bc4 h6 10. Bf4 c6 11. Kc2 b5 12. Bd3 Nd7 13. Rhe1 Nc5 14. Rad1 Be6
15. Kb1 Rfd8 16. Bc2 Bc4 17. Ne5 Bxe5 18. Bxe5 Nd3 19. Bxd3 Bxd3+ 20. Kc1 c5
21. Re3 c4 22. Bd4 a5 23. a3 b4 24. axb4 axb4 25. f4 Ra1+ 26. Kd2 Ra2 27. Kc1
b3 28. g4 Rda8 29. Bc5 Rxb2 30. Rexd3 Rc2+ 31. Kb1 cxd3 32. Rxd3 Rca2 33. Bxe7
Re2 34. e5 Kh7 35. c4 b2 36. Ba3 Rb8 37. Rd1 Re4 38. c5 Re3 39. Rd2 Re1+ 0-1

[Event "DVM U20 2012"]
[Site "Osnabrück GER"]
[Date "2012.12.27"]
[Round "1"]
[White "Thanabalasingam, Ajandhan"]
[Black "Spielberger, Moritz"]
[Result "1-0"]
[Termination "normal"]
[Board "3.6"]
[WhiteElo "2002"]
[BlackElo "1521"]
[WhiteTeam "Schachgesellschaft Bochum 1931"]
[BlackTeam "Sfr. Heidesheim"]
[WhiteFideId "24601659"]
[BlackFideId "12925950"]
[EventCountry "GER"]
[EventRounds "7"]
[EventType "team-swiss"]
[EventDate "2012.12.26"]

1. e4 e6 2. d4 d5 3. Nc3 Bb4 4. e5 Ne7 5. a3 Bxc3+ 6. bxc3 c5 7. h4 O-O 8. Nf3
Nbc6 9. Bd3 f5 10. exf6 Rxf6 11. Bg5 Rf7 12. O-O h6 13. Bxe7 Rxe7 14. Bb5 Qa5
15. Bxc6 bxc6 16. Qd2 Ba6 17. Ne5 Rc8 18. Rfe1 cxd4 19. Qxd4 c5 20. Qe3 Qb6 21.
Ng6 Ree8 22. Qe5 Qc7 23. Nf4 Qxe5 24. Rxe5 Rc6 25. Nxd5 Kf7 26. Rae1 Rd8 27.
Nf4 Bc8 28. Nd3 c4 29. Nb4 Rcd6 30. Rc5 Rd1 31. Rxd1 Rxd1+ 32. Kh2 Bd7 33. Rxc4
a5 34. Nd3 Bb5 35. Rc7+ Kf6 36. c4 Ba4 37. Nb2 Ra1 38. Nxa4 Rxa3 39. Nc5 Ra2
40. c3 a4 41. Ra7 a3 42. Ra6 Kf7 43. f3 Ra1 44. Ne4 a2 45. c5 Ke7 46. c6 Kd8
47. Ra7 Kc8 48. c7 Rd1 49. Rxa2 Kxc7 50. Ra7+ 1-0

[Event "DVM U20 2012"]
[Site "Osnabrück GER"]
[Date "2012.12.27"]
[Round "1"]
[White "Hobusch, Alexander"]
[Black "Moritz, Aron"]
[Result "0-1"]
[Termination "normal"]
[Board "4.1"]
[WhiteElo "2177"]
[BlackElo "2165"]
[WhiteTeam "SG Solingen"]
[BlackTeam "SV Empor Berlin"]
[WhiteFideId "24611387"]
[BlackFideId "24672319"]
[EventCountry "GER"]
[EventRounds "7"]
[EventType "team-swiss"]
[EventDate "2012.12.26"]

1. d4 Nf6 2. Nf3 g6 3. c4 Bg7 4. Nc3 O-O 5. e4 d6 6. Be2 Na6 7. O-O e5 8. Be3
Ng4 9. Bg5 Qe8 10. dxe5 dxe5 11. Qc1 h6 12. Bd2 Kh7 13. h3 Nf6 14. Be3 c6 15.
b4 Nxb4 16. Bc5 Na6 17. Bxf8 Bxf8 18. Rb1 Nc5 19. Qc2 Nh5 20. Nh2 Nf4 21. Bg4
h5 22. Bxc8 Qxc8 23. Na4 Nxa4 24. Qxa4 Ne2+ 25. Kh1 Nc3 26. Qb3 Nxb1 27. Rxb1
b6 28. c5 Qe8 29. cxb6 axb6 30. Qxb6 Rxa2 31. Nf3 Kg7 32. Rd1 Qe6 33. Kg1 Rc2
34. Qb8 Bc5 35. Rd8 Bxf2+ 36. Kh2 Be3 37. Rg8+ Kf6 38. Qd8+ Qe7 0-1

[Event "DVM U20 2012"]
[Site "Osnabrück GER"]
[Date "2012.12.27"]
[Round "1"]
[White "Sivakumaran, Ramash"]
[Black "Kyas, Marcel"]
[Result "1-0"]
[Termination "normal"]
[Board "4.2"]
[WhiteElo "1875"]
[BlackElo "2145"]
[WhiteTeam "SV Empor Berlin"]
[BlackTeam "SG Solingen"]
[WhiteFideId "9909524"]
[BlackFideId "24642037"]
[EventCountry "GER"]
[EventRounds "7"]
[EventType "team-swiss"]
[EventDate "2012.12.26"]

1. c4 c6 2. Nf3 d5 3. g3 Nf6 4. Bg2 Bf5 5. O-O e6 6. d4 Nbd7 7. b3 Be7 8. Nc3
h6 9. Bb2 O-O 10. Re1 Qa5 11. Nd2 c5 12. dxc5 Bxc5 13. a3 Ng4 14. e3 d4 15. b4
dxe3 16. Rxe3 Nxe3 17. Qe2 Qd8 18. fxe3 Be7 19. Bxb7 Rb8 20. Be4 Bxe4 21. Ncxe4
Qc7 22. Qg4 e5 23. Rf1 Rb6 24. Qh5 Re6 25. c5 Qb7 26. Bc3 Qd5 27. Qe2 f5 28.
Nf2 e4 29. Nc4 Qc6 30. Rd1 Nf6 31. Ne5 Qc8 32. Qc4 Kh7 33. Nh3 Rd8 34. Rxd8
Bxd8 35. Nf4 Re8 36. Qf7 Qc7 37. Qg6+ Kg8 38. Nd5 Qc8 39. Nf7 1-0

[Event "DVM U20 2012"]
[Site "Osnabrück GER"]
[Date "2012.12.27"]
[Round "1"]
[White "Fichtner, Ewald"]
[Black "Salz, Matthias"]
[Result "1-0"]
[Termination "normal"]
[Board "4.3"]
[WhiteElo "2041"]
[BlackElo "1672"]
[WhiteTeam "SG Solingen"]
[BlackTeam "SV Empor Berlin"]
[WhiteFideId "1270194"]
[BlackFideId "12943312"]
[EventCountry "GER"]
[EventRounds "7"]
[EventType "team-swiss"]
[EventDate "2012.12.26"]

1. d4 Nf6 2. c4 g6 3. g3 Bg7 4. Bg2 O-O 5. Nf3 d6 6. O-O Nbd7 7. Nc3 e5 8. e4
exd4 9. Nxd4 Re8 10. h3 a6 11. Be3 Rb8 12. Qd2 Ne5 13. b3 c5 14. Nde2 Bxh3 15.
Rad1 Bxg2 16. Kxg2 Neg4 17. Bf4 Bf8 18. f3 Ne5 19. Bg5 Be7 20. Bxf6 Bxf6 21.
Qxd6 Qxd6 22. Rxd6 Bg7 23. a4 Nc6 24. f4 Nd4 25. e5 Nxb3 26. Ne4 b5 27. Rxa6
bxc4 28. N2c3 Bxe5 29. fxe5 Rxe5 30. Nf6+ Kg7 31. Nd7 Re3 32. Nxb8 Rxc3 33. Ra7
Rc2+ 34. Kh3 Kh6 35. Rfxf7 Kg5 36. Rae7 Ra2 37. Re5+ Kh6 38. Nc6 c3 39. Ne7 1-0

[Event "DVM U20 2012"]
[Site "Osnabrück GER"]
[Date "2012.12.27"]
[Round "1"]
[White "Schabe, Felix"]
[Black "Wroblowski, Oliver"]
[Result "0-1"]
[Termination "normal"]
[Board "4.4"]
[WhiteElo "1798"]
[BlackElo "2088"]
[WhiteTeam "SV Empor Berlin"]
[BlackTeam "SG Solingen"]
[WhiteFideId "12964336"]
[BlackFideId "24698679"]
[EventCountry "GER"]
[EventRounds "7"]
[EventType "team-swiss"]
[EventDate "2012.12.26"]

1. e4 c5 2. Nf3 d6 3. d4 cxd4 4. Nxd4 Nf6 5. Nc3 a6 6. Be2 e5 7. Nf3 Be7 8. O-O
O-O 9. Bg5 Nbd7 10. Nd2 b5 11. Nb3 Bb7 12. f3 b4 13. Nb1 d5 14. exd5 Nxd5 15.
Bxe7 Qxe7 16. Qc1 Nf4 17. Re1 Qg5 18. g3 Nxe2+ 19. Rxe2 Qxc1+ 20. Nxc1 Bxf3 21.
Re3 e4 22. Nd2 Bh5 23. Rxe4 a5 24. a3 Rac8 25. axb4 axb4 26. Rc4 Ne5 27. Rxc8
Rxc8 28. Nd3 Nxd3 29. cxd3 Be2 30. d4 Kf8 31. Kf2 Bb5 32. Ra5 Rc2 33. Ke3 Bd7
34. b3 Rc3+ 35. Ke4 f6 36. Rc5 Bc6+ 37. Kf4 Ke7 38. Rc4 Ke6 39. Rxb4 g5+ 40.
Kg4 Rd3 41. Nb1 Bf3+ 42. Kh3 h5 43. Na3 Rd2 44. d5+ Kf7 0-1

[Event "DVM U20 2012"]
[Site "Osnabrück GER"]
[Date "2012.12.27"]
[Round "1"]
[White "Shishkov, Mark"]
[Black "Alcer, Fabian"]
[Result "0-1"]
[Termination "normal"]
[Board "4.5"]
[WhiteElo "1842"]
[BlackElo "1726"]
[WhiteTeam "SG Solingen"]
[BlackTeam "SV Empor Berlin"]
[WhiteFideId "12911682"]
[BlackFideId "24693898"]
[EventCountry "GER"]
[EventRounds "7"]
[EventType "team-swiss"]
[EventDate "2012.12.26"]

1. d4 Nf6 2. c4 c5 3. d5 b5 4. cxb5 a6 5. bxa6 Bxa6 6. g3 g6 7. Bg2 d6 8. Nc3
Bg7 9. Nf3 O-O 10. O-O Nbd7 11. h3 Qa5 12. Qc2 Rfb8 13. Re1 Ra7 14. e4 Ne8 15.
Bd2 Nc7 16. a3 Rab7 17. Reb1 Nb5 18. Bf1 Nxc3 19. Bxa6 Qxa6 20. Bxc3 Bxc3 21.
bxc3 Rxb1+ 22. Rxb1 Rxb1+ 23. Qxb1 Qxa3 24. Qd3 Qa4 25. Kg2 Kg7 26. h4 h6 27.
Qe3 Nf6 28. Nd2 Ng4 29. Qe2 h5 30. Nf3 Qa5 31. c4 Qc3 32. Nd2 Ne5 33. f4 Ng4
34. Kh3 Qc2 35. Qe1 Qc3 36. Qe2 Qc1 37. Kg2 Nf6 38. e5 dxe5 39. fxe5 Ng4 40.
Nb3 Qe3 41. Qxe3 Nxe3+ 42. Kf2 Ng4+ 43. Ke2 Nxe5 44. Nxc5 Nxc4 45. Kf3 Nd6 46.
g4 hxg4+ 47. Kxg4 Nf5 0-1